Heaviest objects in the solar system - Statistics

General Stats
  • This quiz has been taken 72 times
  • The average score is 12 of 18
Answer Stats
Yg Object % Correct
1 989 100 000 Sun
100%
1 898 187 Jupiter
93%
568 317 Saturn
88%
102 413 Neptune
86%
86 813 Uranus
82%
5 972 Earth
81%
330 Mercury
81%
4 868 Venus
81%
642 Mars
79%
135 Titan
58%
148 Ganymede
54%
73 Moon
54%
89 Io
53%
13 Pluto
53%
48 Europa
51%
108 Callisto
49%
21 Triton
42%
17 Eris
35%
No matching quizzes found
Score Distribution
Percent of People with Each Score
Percentile by Number Answered
Your Score History
You have not taken this quiz